| 000 -CABECERA |
| campo de control de longitud fija |
00958cam a2200229 a 4500 |
| 001 - NÚMERO DE CONTROL |
| campo de control |
3529747 |
| 003 - IDENTIFICADOR DEL NÚMERO DE CONTROL |
| campo de control |
OSt |
| 005 - FECHA Y HORA DE LA ÚLTIMA TRANSACCIÓN |
| campo de control |
20210421181123.0 |
| 008 - DATOS DE LONGITUD FIJA--INFORMACIÓN GENERAL |
| campo de control de longitud fija |
960208s1986 pe b b 000 0 spa |
| 040 ## - FUENTE DE LA CATALOGACIÓN |
| Centro catalogador/agencia de origen |
CENDOC CAAAP |
| Centro/agencia transcriptor |
CAAAP |
| Lengua de catalogación |
spa |
| 050 ## - SIGNATURA TOPOGRÁFICA DE LA BIBLIOTECA DEL CONGRESO |
| Número de clasificación |
FP |
| Número de documento/Ítem |
43.5 A76 |
| 100 1# - ENTRADA PRINCIPAL--NOMBRE DE PERSONA |
| Nombre de persona |
Aroca Medina, Americo Javier |
| 9 (RLIN) |
2466 |
| 245 13 - MENCIÓN DE TÍTULO |
| Título |
La cuestión nativa en la Amazonía peruana : |
| Resto del título |
realidad y perspectivas / |
| Mención de responsabilidad, etc. |
Americo Javier Aroca Medina |
| 260 ## - PUBLICACIÓN, DISTRIBUCIÓN, ETC. |
| Lugar de publicación, distribución, etc. |
Lima: |
| Nombre del editor, distribuidor, etc. |
UNMSM, |
| Fecha de publicación, distribución, etc. |
1986 |
| 300 ## - DESCRIPCIÓN FÍSICA |
| Extensión |
136 h. : |
| Dimensiones |
30 cm. |
| 500 ## - NOTA GENERAL |
| Nota general |
Autógrafa manscrita en la portada. |
| 505 ## - NOTA DE CONTENIDO CON FORMATO |
| Nota de contenido con formato |
Planteamientos generales acerca del nativo como persona -- El nativo en sociedad : las comunidades nativas -- Los derechos humanos y las comunidades nativas. |
| 650 #0 - PUNTO DE ACCESO ADICIONAL DE MATERIA--TÉRMINO DE MATERIA |
| Término de materia o nombre geográfico como elemento de entrada |
Indígenas de América del Sur |
| 9 (RLIN) |
1786 |
| Subdivisión general |
Condiciones sociales |
| Subdivisión geográfica |
Perú |
| -- |
Amazonía |
| 650 #0 - PUNTO DE ACCESO ADICIONAL DE MATERIA--TÉRMINO DE MATERIA |
| Término de materia o nombre geográfico como elemento de entrada |
Comunidades nativas |
| 9 (RLIN) |
2171 |
| Subdivisión general |
Condiciones sociales |
| Subdivisión geográfica |
Perú |
| 710 2# - PUNTO DE ACCESO ADICIONAL--NOMBRE DE ENTIDAD CORPORATIVA |
| 9 (RLIN) |
1886 |
| Nombre de entidad corporativa o nombre de jurisdicción como elemento de entrada |
Universidad Nacional Mayor de San Marcos |
| 942 ## - ELEMENTOS DE PUNTO DE ACCESO ADICIONAL (KOHA) |
| Fuente del sistema de clasificación o colocación |
|
| Tipo de ítem Koha |
Tesis |